000 00859cab a2200241 4500
001 WB3503-36
008 090401t1999 xxu||||| |||| 00| 0 eng d
035 _a(Sirsi) u90859
041 _aeng
245 _aFair rent increases
260 _c1999
350 _a0
490 _aDETR News Release
_v(41) 20 January 1999 (3)
520 _aDETR guidance explains the new limits on fair rent increases. The new limits come into force on 1 February 1999. The leaflet "A change to the Fair Rent Rules" is available on the DETR website: http://www.detr.gov.uk
650 _aFAIR RENTS
650 _aRENT ASSESSMENT
650 _aRENT INCREASES
650 _aRENT OFFICERS
650 _aALL ITEMS RETAIL PRICES INDEX
690 _aPROPERTY-RESIDENTIAL PROPERTY-RESIDENTIAL LANDLORD AND TENANT-RESIDENTIAL TENANCIES
942 _n0
948 _c22/01/1999
999 _c57636
_d57636